000 00454nam a2200181Ia 4500
008 131103s9999 xx 000 0 und d
020 _a0 361 02991 8
040 _aLoreto College
041 _aEnglish
082 _aREF
_bLCBED/7188
100 _aRichards, Kay
245 _aScience magic with physics
_cKay Richards
260 _aBerks
_bPurnell
_c1974
300 _a61p.
_b ill.
_c 25cm.
650 _aScience
850 _aLCBED/REF
942 _cBK
999 _c30958
_d81437